Země úsměvů

Stručný historicko-hospodársky prehľad Švajčiarska. Švajčiarsky priemysel cestovného ruchu.

Guardado en:
Detalles Bibliográficos
Autor principal: Simonian, Aram
Formato: Capítulo de libro
Lenguaje:checo
Materias:
Etiquetas: Agregar Etiqueta
Sin Etiquetas, Sea el primero en etiquetar este registro!

MARC

LEADER 00000naa a2200000 4500
001 r036271
005 20230920100219.8
041 0 |a cze 
044 |a CZ 
245 1 0 |a Země úsměvů  |c Aram Simonian 
520 |a Stručný historicko-hospodársky prehľad Švajčiarska. Švajčiarsky priemysel cestovného ruchu. 
610 2 0 |a ruch cestovný 
610 2 0 |a turistika 
610 2 0 |a história 
610 2 0 |a Švajčiarsko 
100 1 |a Simonian, Aram